Geographical Changes in Vegetation and Plant Functional Types

This book presents studies on current vegetation topics, from polar to tropical regions. It is a festschrift to mark the 70th birthday of Prof. Elgene O. Box, who has studied vegetation all over the world, both through fieldwork and modeling. It reflects a number of his interests, including basic ec...

Πλήρης περιγραφή

Λεπτομέρειες βιβλιογραφικής εγγραφής
Συγγραφή απο Οργανισμό/Αρχή: SpringerLink (Online service)
Άλλοι συγγραφείς: Greller, Andrew M. (Επιμελητής έκδοσης, http://id.loc.gov/vocabulary/relators/edt), Fujiwara, Kazue (Επιμελητής έκδοσης, http://id.loc.gov/vocabulary/relators/edt), Pedrotti, Franco (Επιμελητής έκδοσης, http://id.loc.gov/vocabulary/relators/edt)
Μορφή: Ηλεκτρονική πηγή Ηλ. βιβλίο
Γλώσσα:English
Έκδοση: Cham : Springer International Publishing : Imprint: Springer, 2018.
Έκδοση:1st ed. 2018.
Σειρά:Geobotany Studies, Basics, Methods and Case Studies,
Θέματα:
Διαθέσιμο Online:Full Text via HEAL-Link
LEADER 05690nam a2200577 4500
001 978-3-319-68738-4
003 DE-He213
005 20191029011612.0
007 cr nn 008mamaa
008 180418s2018 gw | s |||| 0|eng d
020 |a 9783319687384  |9 978-3-319-68738-4 
024 7 |a 10.1007/978-3-319-68738-4  |2 doi 
040 |d GrThAP 
050 4 |a GB3-5030 
072 7 |a RGB  |2 bicssc 
072 7 |a SCI030000  |2 bisacsh 
072 7 |a RGB  |2 thema 
082 0 4 |a 910.02  |2 23 
245 1 0 |a Geographical Changes in Vegetation and Plant Functional Types  |h [electronic resource] /  |c edited by Andrew M. Greller, Kazue Fujiwara, Franco Pedrotti. 
250 |a 1st ed. 2018. 
264 1 |a Cham :  |b Springer International Publishing :  |b Imprint: Springer,  |c 2018. 
300 |a XXII, 359 p. 119 illus., 61 illus. in color.  |b online resource. 
336 |a text  |b txt  |2 rdacontent 
337 |a computer  |b c  |2 rdamedia 
338 |a online resource  |b cr  |2 rdacarrier 
347 |a text file  |b PDF  |2 rda 
490 1 |a Geobotany Studies, Basics, Methods and Case Studies,  |x 2198-2562 
505 0 |a Section 1. General problems of vegetation interpretation -- 1. Evidence of unique association between single forest vegetation types and seral sequences:  praise for the concept of 'vegetation series' -- Section 2. Global aspects of Plant function -- 2. Latitudinal variation in plant functional types -- 3. lant eco-morphological traits as adaptations to environmental conditions: some comparisons between different biomes across the world -- Section 3. Regional vegetation types and distribution, prehistoric landscapes -- 4. Changes in the landscape and vegetation under the influence of prehistoric and historic man in Central Europe -- 5. Sclerophyllous vs. Deciduous forests in Spain: A standard case of Mediterranean climatic vegetation distribution -- 6. What is the 'True' Mediterranean-type vegetation? -- 7. Characterization of vegetation on the plains of European Russia -- 8. Degeneration and regeneration process of Carpinus betulus forests in the Central Alps of northern Italy -- 9. Phytoindicating comparison of vegetation of the Polish Tatras, the Ukrainian Carpathians, and the Crimean Mountains -- 10. Beech (Fagus grandifolia) in the plant communities of Long Island and adjacent locations, and some comparisons across eastern North America -- 11. Phytosociological study of Pteroceltis tatarinowii forest in the deciduous-forest zone of eastern China -- 12. Vegetation ecology of Sphagnum wetlands in subtropical subalpine regions-A case study in the Qi Zimei mountains -- Section 4. Vegetation and plant ecology -- 13. High-resolution aerial imagery for assessing changes in canopy status in Hawaian -- 14. Plant assemblages of abandoned ore-mining heaps: a case study from Roşia Montană mining area, Romania 'Ōhi'a (Metrosideros polymorpha) rainforest -- 15. Autoecological and synecological resilience of Angelica heterocarpa M.J. Lloyd, observed in the Loire Estuary (France) -- 16. Environmental mapping: From analysis maps to the synthesis map. 
520 |a This book presents studies on current vegetation topics, from polar to tropical regions. It is a festschrift to mark the 70th birthday of Prof. Elgene O. Box, who has studied vegetation all over the world, both through fieldwork and modeling. It reflects a number of his interests, including basic ecological plant forms (cf 'plant functional types'), temperate-zone forests, and evergreen versus seasonal patterns. Section 1 discusses the concept of vegetation series, while Section 2 has two global-scale chapters on plant functional traits and whether they are related more to climate or phylogeny. Section 3 has nine chapters focusing on vegetation history, regional vegetation, and how these have influenced current species organizations and distributions. Regions treated include Russia, China, the USA, Mexico and Mediterranean areas. Lastly, Section 4 addresses aspects of vegetation change and plant ecology. Every chapter in this unique book offers original ideas on the topic of vegetation, as the authors are assembled from a world-wide population of leading vegetational ecologists, whose interests range from local communities to global theoretical questions. 
650 0 |a Physical geography. 
650 0 |a Ecology . 
650 0 |a Plant ecology. 
650 0 |a Conservation biology. 
650 0 |a Landscape ecology. 
650 1 4 |a Physical Geography.  |0 http://scigraph.springernature.com/things/product-market-codes/J16000 
650 2 4 |a Terrestial Ecology.  |0 http://scigraph.springernature.com/things/product-market-codes/L19139 
650 2 4 |a Plant Ecology.  |0 http://scigraph.springernature.com/things/product-market-codes/L19112 
650 2 4 |a Conservation Biology/Ecology.  |0 http://scigraph.springernature.com/things/product-market-codes/L19150 
650 2 4 |a Landscape Ecology.  |0 http://scigraph.springernature.com/things/product-market-codes/L19058 
700 1 |a Greller, Andrew M.  |e editor.  |4 edt  |4 http://id.loc.gov/vocabulary/relators/edt 
700 1 |a Fujiwara, Kazue.  |e editor.  |4 edt  |4 http://id.loc.gov/vocabulary/relators/edt 
700 1 |a Pedrotti, Franco.  |e editor.  |4 edt  |4 http://id.loc.gov/vocabulary/relators/edt 
710 2 |a SpringerLink (Online service) 
773 0 |t Springer eBooks 
776 0 8 |i Printed edition:  |z 9783319687377 
776 0 8 |i Printed edition:  |z 9783319687391 
776 0 8 |i Printed edition:  |z 9783030098483 
830 0 |a Geobotany Studies, Basics, Methods and Case Studies,  |x 2198-2562 
856 4 0 |u https://doi.org/10.1007/978-3-319-68738-4  |z Full Text via HEAL-Link 
912 |a ZDB-2-EES 
950 |a Earth and Environmental Science (Springer-11646)